Central Library, Doon University
WEBOPAC (ONLINE PUBLIC ACCESS CATALOGUE)

Fremderfahrung und Selbstreflexion in Zunge zeigen von Gunter Grass (Record no. 59900)

MARC details
000 -LEADER
fixed length control field 00484nam a22001817a 4500
005 - DATE & TIME
control field 20251223125825.0
008 - FIXED-LENGTH DATA ELEMENTS--GENERAL INFORMATION
fixed length control field 251223b |||||||| |||| 00| 0 eng d
020 ## - ISBN
International Standard Book Number 9783640479139
040 ## - CATALOGING SOURCE
Original cataloging agency Doon University
041 ## - Language
Language German
082 ## - DDC NUMBER
Classification number 830.914
Book Number HEI
100 ## - MAIN ENTRY--PERSONAL NAME
Personal name Heinemann, Anna Maria
245 ## - TITLE STATEMENT
Title Fremderfahrung und Selbstreflexion in Zunge zeigen von Gunter Grass
260 ## - PUBLICATION, DISTRIBUTION, ETC. (IMPRINT)
Place of publication, distribution, etc Germany
Name of publisher, distributor, etc Grin Verlag
Date of publication, distribution, etc 2006
300 ## - PHYSICAL DESCRIPTION
Pages 28
650 ## - Subject
Subject German Language
942 ## - ADDED ENTRY ELEMENTS (KOHA)
Koha item type Books
100 ## - MAIN ENTRY--PERSONAL NAME
-- 25865
952 ## - LOCATION AND ITEM INFORMATION (KOHA)
-- 2025-12-23
Holdings
Withdrawn status Lost status Source of classification or shelving scheme Damaged status Not for loan Location (home branch) Sublocation or collection (holding branch) Date acquired Koha issues (times borrowed) Koha full call number Accession No. Koha date last seen Koha item type
          Doon University Doon University 23.12.2025   830.914 HEI G3508 23.12.2025 Books
Contact : +91-135-2533126 (Library),+91-135-2533105 (Admin Office) , Email : doonlibrary@gmail.com

Powered by Koha